000 00468 a2200181 4500
005 20260422130030.0
008 260422b |||||||| |||| 00| 0 eng d
020 _a9781138677777
_c£ 37.99
040 _aMAIN
082 _a823.6
_bB1812W
100 _aBrown, David
245 _aWalter scott and the historical imagination
260 _bRoutledge
_aNew York
_c2016
300 _a239
650 _aEnglish Literature
650 _aEnglish Fiction
942 _cBK
999 _c396472
_d396472